Responses for show #8392 - Tuesday, May 4, 2021

Champion's winnings & consolation amounts matched to Media Fellowship House.

Contestants

[<< previous game]

Brittany Eltman, a baker from Pittsburgh, Pennsylvania

Hanna Howard, an editor from New York, New York

Emily Sands, a vice president of operations from Chanhassen, Minnesota (whose 3-day cash winnings total $73,000)

[next game >>]

Jeopardy! Round responses

DING DONG
THE WITCH IS DEAD
TRUCE!
READING MATERIAL
POP CULTURE
CROSSWORD CLUES "F"
    $200 1
dash (ditch)

Emily
    $200 11
"Hansel and Gretel"

Emily
    $200 13
1914

Emily
    $200 20
stone

Emily
    $200 4
Katy Perry

Hanna
    $200 30
fake

Hanna
    $400 2
Avon

Brittany
    $400 17
mice

Emily
    $400 14
the UN

Brittany
    $400 21
a Kindle

Emily
    $400 5
Cartoon Network

Hanna
    $400 23
a fleet

Emily
    $600 3
Grease

Hanna
    $600 18
by being burned at the stake

Brittany
    $600 16
God

Brittany
    $600 28
onion

Emily
    $600 6
Kanye West

Brittany
    $600 9
Formica

Brittany
    $800 15
Hostess

Emily
    $800 19
Aslan

Hanna
    $800 22
Kashmir

Hanna
    $3,800 25
(Bill: "All the news that's fit to print".)

newsprint

Emily
    $800 8
Animal Crossing

Brittany
    $800 10
foyer

Brittany
    $1000 29
Margaret Thatcher

Brittany
    $1000 27
Harry Potter and the Deathly Hallows

Hanna
    $1000 24
Spain

Emily
    $1000 26
papyrus

Hanna
    $1000 7
The Irishman

Hanna
    $1000 12
furniture

Triple Stumper

Scores at the first commercial break (after clue 15):

Emily Hanna Brittany
$1,400 $2,200 $3,600

Scores at the end of the Jeopardy! Round:

Emily Hanna Brittany
$8,200 $6,000 $5,800

Double Jeopardy! Round responses

BRITS IN BOATS
20th CENTURY NAMES
FACTS ABOUT COUNTRIES
AMERICAN MUSIC
PLAYING POPE
PRONOUNS
    $400 21
(Hanna: Who is Cook?)

Captain Bligh

Hanna
Triple Stumper
    $400 3
John Glenn

Brittany
    $400 19
Germany

Emily
    $400 6
rockabilly

Emily
    $400 9
John Paul II

Emily
    $800 22
(Bill: We have less than a minute now.)

Shackleton

Triple Stumper
    $800 4
(Emily: Who is Dan Rather?)

Pierre Trudeau

Emily
Triple Stumper
    $800 18
oil

Emily
    $800 1
chicken scratch

Hanna
    $800 10
John Goodman

Hanna
    $800 26
him

Emily
    $1200 23
the coastguard

Emily
    $1200 5
Juliette Gordon Low

Hanna
    $1200 17
(Emily: What are the Philippines?)

Taiwan

Emily
Triple Stumper
    $1200 2
New Orleans

Hanna
    $4,000 11
Michelangelo

Hanna
    $1200 20
they, them

Hanna
    $1600 24
the Phoenicians

Emily
    $1600 7
Christiaan Barnard

Triple Stumper
    $6,200 15
(Emily: What is the Liffey?)

the Shannon

Emily
    $1600 13
bluegrass

Emily
    $1600 12
(Emily: Who is Pius?)

John XXIII

Emily
Triple Stumper
    $1600 27
thee

Emily
    $2000 25
The Wind in the Willows

Hanna
    $2000 8
(Emily: Who are Masters & Kinsey?)
(Brittany: Who are Masters & Young?)

Masters & Johnson

EmilyHannaBrittany
    $2000 16
Burundi

Triple Stumper
    $2000 14
(Brittany: Uh, what is solfeggio?)

shape-note singing

Brittany
Triple Stumper
    $2000 28
[The end-of-round signal sounds.]

No One

Hanna

Scores at the end of the Double Jeopardy! Round:

Emily Hanna Brittany
$5,200 $20,800 $2,200
(lock game)

[wagering suggestions for these scores]

Final Jeopardy! Round responses

WORLD LITERATURE
(Bill: [To Emily] Correct, a book by Aleksandr Solzhenitsyn about his time in a Soviet prison camp.)
BrittanyWhat is __
$2,200
EmilyWhat is Gulag Archipeligo?
$799
HannaWhat is?
$200
The Gulag Archipelago

Final scores:

Emily Hanna Brittany
$5,999 $20,600 $0
2nd place: $2,000 New champion: $20,600 3rd place: $1,000

Game dynamics:

Coryat scores:

Emily Hanna Brittany
$8,400 $18,000 $2,200
20 R
(including 1 DD),
5 W
(including 1 DD)
18 R
(including 1 DD),
1 W
10 R,
2 W

Combined Coryat: $28,600

The J! Archive is created by fans, for fans. The Jeopardy! game show and all elements thereof, including but not limited to copyright and trademark thereto, are the property of Jeopardy Productions, Inc. and are protected under law. This website is not affiliated with, sponsored by, or operated by Jeopardy Productions, Inc. Join the discussion at JBoard.tv.